000 00491nam a2200193Ia 4500
008 151119s9999||||xx |||||||||||||| ||und||
082 _a891.463
082 _bGKKV26622
100 _aदिवाण वृंदा
245 _aअर्धुक
260 _a--
260 _b--
260 _c2006
600 _aदिवाण वृंदा
630 _aअर्धुक
700 _aदिवाण वृंदा
730 _aअर्धुक
942 _cBOOK
999 _c1079093
_d1079090